Reinforced Autoclaved Aerated Concrete planks (RAACs) (Record no. 121661)

MARC details
000 -LEADER
fixed length control field 00841nam a2200229zu 4500
007 - PHYSICAL DESCRIPTION FIXED FIELD--GENERAL INFORMATION
fixed length control field ta
008 - FIXED-LENGTH DATA ELEMENTS--GENERAL INFORMATION
fixed length control field 230901s2023 xxk||||| |||| 00| 0 eng d
041 ## - LANGUAGE CODE
Language code of text/sound track or separate title eng
110 ## - MAIN ENTRY--CORPORATE NAME
9 (RLIN) 441
Corporate author Institution of Structural Engineers
245 ## - TITLE STATEMENT
Title Reinforced Autoclaved Aerated Concrete planks (RAACs)
260 ## - PUBLICATION INFORMATION
Publisher Institution of Structural Engineers
Date August 2023
520 ## - ABSTRACT
Abstract Outlines the IStructE Study Group.
650 ## - KEYWORDS
Keywords BUILDING DEFECTS
650 ## - KEYWORDS
Keywords CONCRETE
650 ## - KEYWORDS
Keywords EDUCATION BUILDINGS
650 ## - KEYWORDS
Keywords REINFORCED AUTOCLAVED AERATED CONCRETE
650 ## - KEYWORDS
Keywords SCHOOLS
651 ## - SUBJECT ADDED ENTRY--GEOGRAPHIC NAME
Geographic name United Kingdom
690 ## - LOCAL SUBJECT ADDED ENTRY--TOPICAL TERM (OCLC, RLIN)
9 (RLIN) 6223
Topical term or geographic name as entry element Building materials & defects
710 ## - ADDED CORPORATE NAME
9 (RLIN) 441
Added corporate author Institution of Structural Engineers
856 ## - ONLINE RESOURCE
Uniform Resource Identifier https://www.istructe.org/get-involved/study-groups/reinforced-autoclaved-aerated-concrete-planks/
Public note Available from iStructE
Holdings
Withdrawn status Lost status Damaged status Not for loan Home library Current library Shelving location Date acquired Total Checkouts Date last seen Price effective from Koha item type
        Virtual Virtual Online 08/09/2023   08/09/2023 08/09/2023 Online material